| Tag |
First Indicator |
Second Indicator |
Subfields |
| LEADER |
00000cam a2200000Ia 4500 |
| 001 |
in00004530654 |
| 005 |
20191205081441.0 |
| 008 |
040519s2001 uk a b 101 0 eng d |
| 035 |
|
|
|a (OCoLC)ocm55218344
|
| 035 |
|
|
|a (OCoLC)55218344
|
| 035 |
|
|
|z (UtOrBLW)59079
|
| 035 |
|
|
|a 85190
|
| 040 |
|
|
|a MMU
|c MMU
|d OCLCQ
|d OCL
|d TMV
|d UtOrBLW
|
| 049 |
|
|
|a TMVM
|c 1
|
| 060 |
|
4 |
|a SF 951
|b P9631 2001
|
| 090 |
|
|
|a SF951
|b .P766 2001
|
| 245 |
0 |
0 |
|a Proceedings of a workshop on equine immunology in 2001 :
|b 24th-28th January 2001, Santa Fe, New Mexico /
|c editors, D.P. Lunn and J.F. Wade.
|
| 264 |
|
1 |
|a Newmarket, U.K. :
|b R & W Publications,
|c 2001.
|
| 300 |
|
|
|a x, 104 pages :
|b illustrations ;
|c 24 cm.
|
| 336 |
|
|
|a text
|2 rdacontent
|b txt
|
| 337 |
|
|
|a unmediated
|2 rdamedia
|
| 338 |
|
|
|a volume
|2 rdacarrier
|b nc
|
| 490 |
1 |
|
|a Havemeyer Foundation monograph series ;
|v no. 4
|
| 504 |
|
|
|a Includes bibliographical references and index.
|
| 505 |
0 |
|
|a Immune control of equine infectious anaemia virus -- Overview of T cell cytokine research in the horse -- Rhodococcus equi, a paradigm for equine immunity to intracellular bacteria -- Equine herpesvirus-1: immunity in lytic and latent infections -- Strongyles large and small: immunity -- Mucosal immunity: an opportunity to prime without prejudice -- Mucosal antigen delivery in horses -- Regulation of mucosal immune responses -- The induction of equine herpesvirus-specific antibodies in the upper respiratory tract of the horse -- Immunogenetics defined -- Organisation of the equine immunoglobulin constant region genes -- Equine MAC regulation of resistance and immune bias -- A syndrome of anaemia, immunodeficiency and peripheral ganglionopathy in Fell pony foals -- Monoclonal antibodies: what's next? -- Detection of interferon-γ producing equine T lymphocytes by flow cytometry: pulmonary responses to Rhodococcus equi challenge -- Il-4 induced CD23 (FCERII) upregulation in equine peripheral blood mononuclear cells and alveolar macrophages -- Oponisation by complement C3 and IgG as measured by a flow cytometric immunoassay -- Flow cytometric characterisation of neutrophil phagocytosis and oxidative burst activity -- RT-PCR detection of equine cytokines -- Equine cytokines and associated reagents -- Quantitative of equine cytokine mRNA expression by RT-PCR -- Type I interferon and interleukin-6 in nasal secretions and serum from ponies infected with equine influenza A2 (H3N8) -- Genomic exploration of orthopaedic infection using cDNA microarrays -- The power of limiting dilution analysis -- Flow cytometric techniques in clinical investigation -- Simultaneous analysis of phagocytosis and oxidative burst activity of equine phagocytes by flow cytometry -- Chronic airway disease in the horse -- Variation of non-infectious airway disease phenotype with age -- Biology of airway neutrophils -- Cytokine immunoregulatory elements in RAO -- IgG subtypes and clues to the immunopathology of recurrent airway obstruction (heaves) -- Effects of dust and endotoxin exposures on lung function and airway cytology of horses -- Septicaemia and endotoxaemia in horses -- Pathophysiology of endothelin-1 in equine acute laminitis -- Immunomodulation of events in sepsis: role of P-selectin/P-selectin ligand system -- Joint disease in the horse -- Chondrocytic response to joint inflammation and corticosteroids -- Regulation of inducible nitric oxide expression and activity in equine chondrocytes
|
| 650 |
|
0 |
|a Horses
|x Immunology
|v Congresses.
|
| 650 |
|
0 |
|a Horses
|x Diseases
|x Immunological aspects.
|
| 650 |
|
2 |
|a Horses
|x immunology.
|
| 650 |
|
2 |
|a Horse Diseases
|x immunology.
|
| 655 |
|
2 |
|a Congresses.
|
| 700 |
1 |
|
|a Lunn, D. P.
|
| 700 |
1 |
|
|a Wade, Janette F.
|
| 710 |
2 |
|
|a Dorothy Russell Havemeyer Foundation.
|
| 830 |
|
0 |
|a Havemeyer Foundation monograph series ;
|v no. 4.
|
| 999 |
|
|
|a MARS
|
| 999 |
f |
f |
|s 72e51b5b-9ed3-31b1-89af-3b1b61e0b05c
|i 4596404a-e54f-303d-b985-1c3004ceef26
|t 0
|
| 952 |
f |
f |
|p preservation
|a Texas A&M University
|b J.J. Pickle Campus
|c High Density Repository
|d Remote Storage
|t 0
|e SF 951 P9631 2001
|h National Library of Medicine classification
|i unmediated -- volume
|m 3238902205742
|
| 998 |
f |
f |
|a SF 951 P9631 2001
|t 0
|l Remote Storage
|